Java in a nutshell : a desktop quick reference (Record no. 31662)

MARC details
000 -LEADER
fixed length control field 00542nam a2200193Ia 4500
020 ## - INTERNATIONAL STANDARD BOOK NUMBER
ISBN 156592262X
050 ## - CALL MARK
Classification number QA 76.73 .J38 F553/
100 ## - STATEMENT OF RESPONSIBILITY--MAIN AUTHOR NAME
Personal name Flanagan, David.
245 #0 - TITLE STATEMENT
Title Java in a nutshell : a desktop quick reference
250 ## - EDITION / VOLUME STATEMENT
Edition / Volume statement 2nd ed.
260 ## - PUBLICATION, DISTRIBUTION, ETC. (IMPRINT)
Place of publication Cambridge ;Sebastopol, CA
260 ## - PUBLICATION, DISTRIBUTION, ETC. (IMPRINT)
Name of publisher O'Reilly
260 ## - PUBLICATION, DISTRIBUTION, ETC. (IMPRINT)
Year of publication c1997
300 ## - PHYSICAL DESCRIPTION
Number of Pages 610 p
650 ## - SUBJECT ADDED ENTRY--TOPICAL TERM
Topical Term Java Computer program language Objectoriented programming Computer science
942 ## - ADDED ENTRY ELEMENTS (KOHA)
Koha item type Books
Holdings
Withdrawn status Lost status Source of classification or shelving scheme Damaged status Not for loan Permanent Location Current Location Date acquired Accession Number Price effective from Koha item type
    Library of Congress Classification     NILE UNIVERSITY OF NIGERIA - MAIN LIBRARY NILE UNIVERSITY OF NIGERIA - MAIN LIBRARY 04/23/2025 0010462 04/23/2025 Books